| 000 | 00550nam a2200205Ia 4500 | ||
|---|---|---|---|
| 003 | OSt | ||
| 005 | 20230517113142.0 | ||
| 008 | 210423s1984 xx 000 0 und d | ||
| 040 | _cAL | ||
| 041 | _aeng | ||
| 082 |
_a307.1772 _223 _bGUPT |
||
| 100 |
_aDAS GUPTA (Bemian K);Danda (Ajith) _9106474 |
||
| 245 | _aTribal education in india | ||
| 260 |
_aCalcutta _bGalgotia Publications Pvt Ltd _c1984 |
||
| 365 | _cINR | ||
| 650 |
_aCommunities _9106475 |
||
| 650 |
_aSociology _9106476 |
||
| 906 | _aeducation ; india ; Tribal | ||
| 942 |
_2ddc _cBK |
||
| 999 |
_c172283 _d172283 |
||